00374pam a2200145 a 4500020000500000040002500005041001300030082001300043100003100056245006400087260003300151300001300184365001100197653002000208 c aMedical College Lib. aENGhENG a617bMOR aMorrisstiff, Gareth J. . aClinical Cases for the MRCS & AFRCS / chTextual Documents aLondon : bArnold , c1998. a139 ; c a793=00 aMedical Science